000 00756nam a2200229 a 4500
001 000024378
005 20200930022947.0
008 110126s2006 flu r 000 f spa d
020 _a0978844815
040 _aDO-SdBNP
_bspa
_cBNPHU
082 _aU863.44
_bB658d
100 1 _aBlumenreich, Patricia E.,
_d1954-
_949992
245 1 0 _aDe padres, hijos y muerte /
_cPatricia E. Blumenreich.
260 _aMiami, Estados Unidos :
_bBaquiana,
_c2006.
300 _a199 p. ;
_c22 cm.
490 1 _aSenderos de la narrativa
504 _aIncluye referencias bibliográficas y notas al pie de las páginas.
650 4 _aNovela uruguaya
_95679
650 4 _aLiteratura uruguaya
_ySIGLO XX
_916336
830 0 _aSenderos de la narrativa
_949993
049 _aBNGR
999 _c23871
_d23871